000
00323nam a2200133Ia 4500
005
20251222144917.0
008
251222s9999||||xx |||||||||||||| ||spa||
082
_a
922.22/C92J
100
_a
Jesús, Crisogono De
245
0
_a
Vida y Obras de San Juan de la Cruz
250
_a
3a.ed.
264
_b
Católica
942
_c
LIB
999
_c
22566
_d
22566